000 00417nam a22001817a 4500
008 250911b |||||||| |||| 00| 0 eng d
020 _a9789395736503
040 _a30
082 _a168.2 KAM
100 _aKAMATH, SHRISHU R.
110 _bAYURVEDIC
245 _aPAEDIATRIC CRITICAL CARE
250 _a2ND
260 _aNEW DELHI
_bWOLTER KLUWER
_c2024
300 _a1046
650 _aPAEDIA
942 _c01
999 _c66185
_d66185